000 00648nam a22001937a 4500
005 20210921102821.0
008 210921b mx ||||| |||| 00| 0 spa d
020 _a9706442804
050 0 4 _aK3242.D9
_bL47 2002
100 1 _aLerner, Natan
_eautor
245 1 0 _aDiscriminación racial y religiosa en el derecho internacional
_c/ Natan Lerner
250 _a2a ed.
260 _aMéxico :
_bOffset Universal,
_c2002
300 _a349 p. :
_c23 cm
504 _aIncluye índices e bibliografía
650 7 _2lemb
_aDiscriminación racial
_xAspectos religiosos
710 1 _aMéxico. Comisión Nacional de los Derechos Humanos
942 _2lcc
_cLIB
999 _c43954
_d43954